000 00279nam a2200109Ia 4500
001 588689
005 20250717120836.0
008 250717s9999 xx 000 0 und d
245 0 _aY-3 TÜRKLERİN ALTIN ÇAĞI
_cİLBER ORTAYLI
260 _bKRONİK YAYINLARI
_c2020
300 _b296
999 _c588689
_d588689